[Event "Titled Tuesday intern op 28th Feb Late"]
[Site "Chess.com INT"]
[Date "2023.02.28"]
[Round "5"]
[White "Sokac, Marko"]
[Black "Fiorito, Joaquin"]
[Result "0-1"]
[WhiteElo "2265"]
[BlackElo "2348"]
[PlyCount "100"]
[EventDate "2023.02.28"]
[EventType "swiss (blitz)"]
[EventRounds "11"]
[EventCountry "USA"]
[SourceTitle "CBM 213 Extra"]
[Source "ChessBase"]
[SourceDate "2023.05.31"]
[SourceVersion "1"]
[SourceVersionDate "2023.05.31"]
[SourceQuality "1"]

1. e4 c6 2. Nc3 d5 3. d3 g6 4. h4 h5 5. f4 Bg7 6. Bd2 Nh6 7. Nf3 Ng4 8. e5 Bf5 9. d4 a6 10. Bd3 Bxd3 11. cxd3 e6 12. Qb3 b5 13. a4 Nd7 14. 0-0 0-0 15. Rfc1 Qb6 16. a5 Qa7 17. Ne2 c5 18. Be1 Rfc8 19. Bf2 c4 20. Qd1 Bf8 21. Kf1 Qb7 22. Bg1 b4 23. Nh2 Nh6 24. Nf3 Nf5 25. Rc2 Qb5 26. dxc4 dxc4 27. d5 exd5 28. Nfd4 Nxd4 29. Nxd4 Qb7 30. e6 Nc5 31. g4 Bg7 32. gxh5 Ne4 33. hxg6 fxg6 34. h5 Rf8 35. Be3 Qe7 36. Rg2 Qh4 37. Kg1 Rf6 38. hxg6 Raf8 39. e7 Re8 40. Nf3 Qh3 41. Qxd5+ Qe6 42. Qh5 Rxe7 43. Qh7+ Kf8 44. Nd4 Qd5 45. Rd1 Nc5 46. Bf2 Nd3 47. Nf3 Qxf3 48. Rf1 Nxf4 49. Rg3 Ne2+ 50. Kh2 Nxg3 0-1

[Event "Titled Tuesday intern op 28th Feb Late"]
[Site "Chess.com INT"]
[Date "2023.02.28"]
[Round "8"]
[White "Sokac, Marko"]
[Black "Melikyan, Gnel"]
[Result "1-0"]
[WhiteElo "2265"]
[BlackElo "2238"]
[PlyCount "45"]
[EventDate "2023.02.28"]
[EventType "swiss (blitz)"]
[EventRounds "11"]
[EventCountry "USA"]
[SourceTitle "CBM 213 Extra"]
[Source "ChessBase"]
[SourceDate "2023.05.31"]
[SourceVersion "1"]
[SourceVersionDate "2023.05.31"]
[SourceQuality "1"]

1. e4 g6 2. h4 h5 3. d4 d5 4. exd5 Qxd5 5. Nc3 Qd6 6. Bc4 Nc6 7. Nge2 Bg7 8. Bf4 Qd8 9. Nb5 e5 10. dxe5 Nxe5 11. Bxe5 Qxd1+ 12. Rxd1 Bxe5 13. f4 a6 14. fxe5 axb5 15. Bxb5+ c6 16. Bc4 b5 17. Bb3 c5 18. Bd5 Ra7 19. Nc3 Bd7 20. 0-0 Rh7 21. Ne4 Ke7 22. Ng5 Nh6 23. Nxh7 1-0

[Event "Titled Tuesday intern op 28th Feb Late"]
[Site "Chess.com INT"]
[Date "2023.02.28"]
[Round "6"]
[White "Sokac, Marko"]
[Black "Romero Ruscalleda, Josep"]
[Result "1-0"]
[WhiteElo "2265"]
[BlackElo "2188"]
[PlyCount "73"]
[EventDate "2023.02.28"]
[EventType "swiss (blitz)"]
[EventRounds "11"]
[EventCountry "USA"]
[SourceTitle "CBM 213 Extra"]
[Source "ChessBase"]
[SourceDate "2023.05.31"]
[SourceVersion "1"]
[SourceVersionDate "2023.05.31"]
[SourceQuality "1"]

1. e4 g6 2. h4 h5 3. d4 d6 4. Nc3 Nd7 5. Be3 Bg7 6. Qd2 Ngf6 7. f3 c5 8. Nge2 cxd4 9. Nxd4 Nc5 10. Be2 Qa5 11. Ncb5 Qxd2+ 12. Bxd2 Kd8 13. b4 Ne6 14. Nxe6+ Bxe6 15. Nd4 Bd7 16. c3 Rc8 17. 0-0 Ne8 18. Rac1 Nc7 19. Be3 b6 20. Rfd1 Ne6 21. Ba6 Rc7 22. a4 Bxa4 23. Re1 Nxd4 24. cxd4 b5 25. Rxc7 Kxc7 26. d5 Rb8 27. Rc1+ Kd7 28. Rc6 Bb2 29. Bxa7 Ra8 30. Be3 Bc3 31. Bxb5 Bxb5 32. Rxc3 Ra1+ 33. Kh2 Rb1 34. Bb6 Rxb4 35. Rc7+ Ke8 36. Rc8+ Kd7 37. Rd8# 1-0

[Event "Speed Chess Q1"]
[Site "Chess.com INT"]
[Date "2022.11.10"]
[Round "6"]
[White "Koziorowicz, Michal"]
[Black "Sokac, Marko"]
[Result "1-0"]
[WhiteElo "2296"]
[BlackElo "2265"]
[PlyCount "97"]
[EventDate "2022.11.10"]
[EventType "swiss (blitz)"]
[EventRounds "14"]
[EventCountry "USA"]
[SourceTitle "CBM 211 Extra"]
[Source "ChessBase"]
[SourceDate "2023.01.31"]
[SourceVersion "1"]
[SourceVersionDate "2023.01.31"]
[SourceQuality "1"]

1. Nf3 e6 2. g3 g5 3. Bg2 g4 4. Ne5 h5 5. d4 Bg7 6. h4 d6 7. Nc4 Ne7 8. Bg5 f6 9. Be3 Nf5 10. Bc1 Nc6 11. c3 d5 12. Ne3 Nd6 13. 0-0 Ne7 14. Na3 c6 15. f3 f5 16. fxg4 hxg4 17. Nec2 Ng6 18. c4 Nxh4 19. gxh4 Qxh4 20. Bf4 g3 21. Rf3 Ne4 22. Ne3 Qh2+ 23. Kf1 Rh4 24. Nac2 Bd7 25. Ke1 0-0-0 26. Rf1 Rdh8 27. Qd3 Nf2 28. Qa3 Rxf4 29. Qxa7 Kd8 30. Qb8+ Ke7 31. Qxf4 Rh4 32. Qf3 f4 33. Nd1 Ne4 34. Rh1 e5 35. Rxh2 gxh2 36. Nf2 Ng3 37. cxd5 e4 38. Qa3+ Kf7 39. Kd2 e3+ 40. Nxe3 fxe3+ 41. Kxe3 Bxd4+ 42. Kd3 Bxf2 43. dxc6 Bxc6 44. Bxc6 bxc6 45. Qb3+ Ke7 46. Qb7+ Kd6 47. Qb8+ Kd5 48. Qd8+ Ke5 49. Qxh4 1-0

[Event "Speed Chess Q1"]
[Site "Chess.com INT"]
[Date "2022.11.10"]
[Round "5"]
[White "Odegov, Artem"]
[Black "Sokac, Marko"]
[Result "0-1"]
[WhiteElo "2286"]
[BlackElo "2265"]
[PlyCount "70"]
[EventDate "2022.11.10"]
[EventType "swiss (blitz)"]
[EventRounds "14"]
[EventCountry "USA"]
[SourceTitle "CBM 211 Extra"]
[Source "ChessBase"]
[SourceDate "2023.01.31"]
[SourceVersion "1"]
[SourceVersionDate "2023.01.31"]
[SourceQuality "1"]

1. d4 Nf6 2. c4 e5 3. dxe5 Ng4 4. Bf4 g5 5. Bg3 Bg7 6. Nf3 Nc6 7. h4 Ngxe5 8. Nxg5 Nxc4 9. Nc3 0-0 10. e3 N4e5 11. Qc2 f5 12. 0-0-0 h6 13. Nf3 d6 14. Nxe5 Nxe5 15. Be2 Be6 16. Kb1 Qf6 17. Nd5 Qf7 18. Nc3 a5 19. Rd2 a4 20. Rhd1 a3 21. b3 Nc6 22. Nb5 Rfc8 23. Nd4 Nxd4 24. exd4 Bd5 25. Bd3 Rf8 26. f3 Bxd4 27. Bxf5 c5 28. Bg6 Qg7 29. Bxd6 Rf6 30. Bxc5 Bxc5 31. Rxd5 Be7 32. Be4 Rc6 33. Rd8+ Rxd8 34. Bxc6 Rxd1+ 35. Qxd1 Qb2# 0-1

[Event "Speed Chess Q1"]
[Site "Chess.com INT"]
[Date "2022.11.10"]
[Round "2"]
[White "Sokac, Marko"]
[Black "Klekowski, Maciej"]
[Result "0-1"]
[WhiteElo "2265"]
[BlackElo "2466"]
[PlyCount "74"]
[EventDate "2022.11.10"]
[EventType "swiss (blitz)"]
[EventRounds "14"]
[EventCountry "USA"]
[SourceTitle "CBM 211 Extra"]
[Source "ChessBase"]
[SourceDate "2023.01.31"]
[SourceVersion "1"]
[SourceVersionDate "2023.01.31"]
[SourceQuality "1"]

1. e4 c5 2. a3 e6 3. b4 cxb4 4. axb4 Bxb4 5. c3 Be7 6. d4 d6 7. Bd3 Nc6 8. f4 Nf6 9. Nf3 b6 10. 0-0 Bb7 11. Nbd2 Qc7 12. e5 Nd5 13. Ne4 dxe5 14. fxe5 Na5 15. Bg5 Nxc3 16. Nxc3 Qxc3 17. Bxe7 Kxe7 18. Rc1 Qb4 19. Rc7+ Ke8 20. Kh1 Rc8 21. Rxf7 Kxf7 22. Ng5+ Ke8 23. Qh5+ Kd8 24. Nxe6+ Kd7 25. Rf7+ Kxe6 26. Qf5+ Kd5 27. Rd7+ Kc6 28. Be4+ Kb5 29. Qf1+ Ka4 30. Bxb7 Nxb7 31. Rxb7 a5 32. d5 Rhf8 33. Qd1+ Qb3 34. Qa1+ Kb5 35. d6 Qd3 36. Qb2+ Kc4 37. Qc1+ Kd5 0-1

[Event "Speed Chess Q1"]
[Site "Chess.com INT"]
[Date "2022.11.10"]
[Round "4"]
[White "Sokac, Marko"]
[Black "Samaganova, Alexandra"]
[Result "1-0"]
[WhiteElo "2265"]
[BlackElo "1884"]
[PlyCount "45"]
[EventDate "2022.11.10"]
[EventType "swiss (blitz)"]
[EventRounds "14"]
[EventCountry "USA"]
[SourceTitle "CBM 211 Extra"]
[Source "ChessBase"]
[SourceDate "2023.01.31"]
[SourceVersion "1"]
[SourceVersionDate "2023.01.31"]
[SourceQuality "1"]

1. e4 c5 2. a3 e6 3. b4 b6 4. d4 cxd4 5. Qxd4 Nc6 6. Qe3 Nf6 7. Bb2 Be7 8. Nd2 d5 9. Bd3 d4 10. Qg3 Bd6 11. Qxg7 Rg8 12. Qh6 Rxg2 13. Ngf3 Ng4 14. Qh3 Ne3 15. fxe3 Rg8 16. exd4 Bf4 17. 0-0-0 h6 18. Rhf1 Bb7 19. Kb1 Qc7 20. d5 Ne7 21. Bb5+ Kd8 22. d6 Bxd6 23. Nc4 1-0

[Event "CRO-chT1B 29th"]
[Site "Mali Losinj"]
[Date "2021.10.03"]
[Round "11.56"]
[White "Sokac, Marko"]
[Black "Zerdo, Predrag"]
[Result "1-0"]
[WhiteElo "2287"]
[BlackElo "1770"]
[PlyCount "63"]
[EventDate "2021.09.25"]
[EventType "team-tourn"]
[EventRounds "11"]
[EventCountry "CRO"]
[SourceTitle "CBM 204 Extra"]
[Source "ChessBase"]
[SourceDate "2021.11.30"]
[SourceVersion "1"]
[SourceVersionDate "2021.11.30"]
[SourceQuality "1"]
[WhiteTeam "Novo Virje Konaki"]
[BlackTeam "Dubrovnik"]
[WhiteTeamCountry "CRO"]
[BlackTeamCountry "CRO"]

1. e4 g6 2. h4 d5 3. exd5 Nf6 4. d4 c6 5. c4 cxd5 6. Nc3 Nc6 7. h5 Bg4 8. Be2 Bxe2 9. Ngxe2 dxc4 10. hxg6 fxg6 11. Qa4 Nd5 12. Qxc4 Nxc3 13. bxc3 Bg7 14. Rb1 Qd7 15. Rb5 0-0-0 16. 0-0 Kb8 17. Bf4+ Ka8 18. Rfb1 b6 19. d5 Na5 20. Qe4 Nb7 21. Nd4 Bxd4 22. Qxd4 Nd6 23. Bxd6 Qxd6 24. a4 Rhf8 25. a5 Qf4 26. Qxf4 Rxf4 27. axb6 axb6 28. Rxb6 Ra4 29. R1b5 Rd7 30. Rc6 Ra1+ 31. Kh2 Raa7 32. Rc8# 1-0

[Event "CRO-chT1B 29th"]
[Site "Mali Losinj"]
[Date "2021.10.02"]
[Round "10.3"]
[White "Vernacki, Srdjan"]
[Black "Sokac, Marko"]
[Result "1-0"]
[WhiteElo "2265"]
[BlackElo "2287"]
[PlyCount "101"]
[EventDate "2021.09.25"]
[EventType "team-tourn"]
[EventRounds "11"]
[EventCountry "CRO"]
[SourceTitle "CBM 204 Extra"]
[Source "ChessBase"]
[SourceDate "2021.11.30"]
[SourceVersion "1"]
[SourceVersionDate "2021.11.30"]
[SourceQuality "1"]
[WhiteTeam "Strigova Stridon"]
[BlackTeam "Novo Virje Konaki"]
[WhiteTeamCountry "CRO"]
[BlackTeamCountry "CRO"]

1. c4 e5 2. d3 Nf6 3. Nf3 Nc6 4. e3 d5 5. cxd5 Nxd5 6. Be2 g5 7. h3 Bg7 8. Nc3 h6 9. Nxd5 Qxd5 10. e4 Qd6 11. Be3 Be6 12. a3 0-0-0 13. Rc1 Kb8 14. Qa4 Nd4 15. Bxd4 exd4 16. Qa5 b6 17. Qb5 g4 18. hxg4 Bxg4 19. Ne5 Qxe5 20. Qxe5 Bxe5 21. Bxg4 c5 22. g3 Bd6 23. Bf5 Kb7 24. f4 b5 25. e5 Bf8 26. Ke2 Kb6 27. g4 Rg8 28. Kf3 Re8 29. Rh2 Re7 30. Bh7 Rh8 31. Be4 Rg8 32. Rhc2 Rc7 33. a4 a6 34. b3 Ka5 35. axb5 axb5 36. Ra2+ Kb4 37. Ra8 Rh8 38. Bd5 Bg7 39. Rxh8 Bxh8 40. Ra1 Bg7 41. Ra8 f6 42. e6 h5 43. gxh5 f5 44. Rb8 Kc3 45. Rb7 Rxb7 46. Bxb7 Bf6 47. Ke2 c4 48. dxc4 Kc2 49. cxb5 d3+ 50. Kf1 Kd2 51. b6 1-0